Edible oil policy: from default towards design (Record no. 326)

000 -LEADER
fixed length control field 00379pab a2200145 454500
008 - FIXED-LENGTH DATA ELEMENTS--GENERAL INFORMATION
fixed length control field 180718b xxu||||| |||| 00| 0 eng d
100 ## - MAIN ENTRY--PERSONAL NAME
Personal name Phansalkar, S.J.
245 ## - TITLE STATEMENT
Title Edible oil policy: from default towards design
650 ## - SUBJECT ADDED ENTRY--TOPICAL TERM
Topical term or geographic name entry element Policy
650 ## - SUBJECT ADDED ENTRY--TOPICAL TERM
Topical term or geographic name entry element Edible Oil
650 ## - SUBJECT ADDED ENTRY--TOPICAL TERM
Topical term or geographic name entry element Oils and Fats, Edible
700 ## - ADDED ENTRY--PERSONAL NAME
Personal name Gulati, V.P
773 ## - HOST ITEM ENTRY
Main entry heading Economic and Political Weekly
909 ## -
-- 326
Holdings
Withdrawn status Lost status Damaged status Not for loan Permanent Location Current Location Date acquired Serial Enumeration / chronology Barcode Date last seen Price effective from Koha item type
        Indian Institute of Public Administration Indian Institute of Public Administration 2018-07-19 Issue no: 26(5), 2 Feb.91, p.229-41 AR326 2018-07-19 2018-07-19 Articles

Powered by Koha